[Event "Arber op 8th"]
[Site "Bodenmais"]
[Date "2019.08.02"]
[Round "7"]
[White "Navarro Gevers, Daniel"]
[Black "Huhs, Sven"]
[Result "1-0"]
[WhiteElo "1813"]
[BlackElo "2027"]
[PlyCount "41"]
[EventDate "2019.07.27"]
[EventType "swiss"]
[EventRounds "9"]
[EventCountry "GER"]
[SourceTitle "CBM 191 Extra"]
[Source "ChessBase"]
[SourceDate "2019.09.30"]
[SourceVersion "1"]
[SourceVersionDate "2019.09.30"]
[SourceQuality "1"]

1. d4 Nf6 2. Bg5 d5 3. Bxf6 gxf6 4. e3 c5 5. dxc5 e5 6. c4 Qa5+ 7. Nc3 dxc4 8. Bxc4 Be6 9. Bxe6 fxe6 10. Qb3 Nd7 11. Qxe6+ Be7 12. Rd1 Nxc5 13. Qf5 e4 14. Kf1 0-0 15. Nge2 Rad8 16. Nd4 Qa6+ 17. Kg1 Rd6 18. Nxe4 Qe2 19. Nc3 Qxb2 20. Qxc5 Rxd4 21. Qxd4 1-0

[Event "Arber op 8th"]
[Site "Bodenmais"]
[Date "2019.08.01"]
[Round "6"]
[White "Zepke, Armin"]
[Black "Navarro Gevers, Daniel"]
[Result "1/2-1/2"]
[WhiteElo "2122"]
[BlackElo "1813"]
[PlyCount "34"]
[EventDate "2019.07.27"]
[EventType "swiss"]
[EventRounds "9"]
[EventCountry "GER"]
[SourceTitle "CBM 191 Extra"]
[Source "ChessBase"]
[SourceDate "2019.09.30"]
[SourceVersion "1"]
[SourceVersionDate "2019.09.30"]
[SourceQuality "1"]

1. d4 Nf6 2. Bf4 b5 3. e3 a6 4. Nd2 Bb7 5. h3 e6 6. Ngf3 Be7 7. Be2 0-0 8. 0-0 c5 9. c3 Qb6 10. Bh2 d6 11. a4 Nbd7 12. Qb3 c4 13. Qc2 d5 14. b4 a5 15. bxa5 Rxa5 16. axb5 Rxb5 17. Rfb1 Ra8 1/2-1/2